000 01166namaa22003131i 4500
005 20260412103500.0
008 260412s1995 ua a|||frm||| 000 0 eng d
040 _aEG-GICUC
_beng
_cEG-GICUC
_dEG-GICUC
_erda
041 0 _aeng
_beng
_bara
049 _aDeposit
097 _aM.Sc
099 _aCai01.11.24.M.Sc.1995.Em.O
100 0 _aEMad Fathy Abd El-Aziz El-Turkey,
_epreparation.
245 1 0 _aOrbital Implants /
_cBy EMad Fathy Abd El-Aziz El-Turkey ; Supervisors Prof. Dr. Momtaz A. Hegazi, Dr. Tarek A. Katamish
_bRemainder of title /
246 1 5 _aمزروعات الحجاج
264 0 _c1995.
300 _a133 Leaves
_billustrations
_c30 cm. +
336 _2rda content
_atext
337 _2rdamedia
_aUnmediated
338 _2rdacarrier
_avolume
502 _aThesis (M.Sc.)-Cairo University, 1995
504 _aBibliography: pages 119-133
653 0 _aOrbital Implants
700 0 _aMomtaz A. Hegazi
_eReviewer.
700 0 _aTarek A. Katamish
_ethesis advisor.
900 _DDepartment of Ophthalmology
_FFaculty of Medicine
_UCairo University
_b1995
_cMomtaz A. Hegazi
_cTarek A. Katamish
905 _aNehad
942 _2ddc
_cTH
_e21
_n0
999 _c179405